Welcome to the Holygrace Academy Library

Please use search bar below to get started

NCERT TEXTBOOK QUESTIONS & NCERT EXEMPLAR PROBLEMS (Record no. 518)

MARC details
000 -LEADER
fixed length control field 00318nam a22001217a 4500
082 ## - DEWEY DECIMAL CLASSIFICATION NUMBER
Classification number 530
Item number DIN/N
100 ## - MAIN ENTRY--AUTHOR NAME
Personal name DINESH PUBLICATIONS
245 ## - TITLE STATEMENT
Title NCERT TEXTBOOK QUESTIONS & NCERT EXEMPLAR PROBLEMS
Remainder of title CLASS XI
260 ## - PUBLICATION, DISTRIBUTION, ETC. (IMPRINT)
Place of publication DELHI
Name of publisher S.DINESH & CO
300 ## - PHYSICAL DESCRIPTION
Number of Pages 129
650 ## - SUBJECT ADDED ENTRY--TOPICAL TERM
Topical Term PHYS QUESTIONS FOR CLASS XI
Geographic subdivision INDIA
942 ## - ADDED ENTRY ELEMENTS (KOHA)
Koha item type Books
Holdings
Withdrawn status Lost status Collection code Home library Current library Shelving location Date acquired Source of acquisition Full call number Accession Number Koha item type
    Reference Main Library Main Library   18/09/2014 purchase 530 DIN/N 09510 Books
    Reference Main Library Main Library   03/06/2011 purchase 530 DIN/N 05910 Books